• 首页
  • 本馆介绍
  • 公告通知
  • 最新文献
  • 馆藏检索
  • 电子资源
  • 读者导购
  • 参考咨询
  • 我的图书馆
  • 登录
  • 详细信息显示
  • 放入我的书架
  • 预约/预借图书
  • 作者相关作品
  • 分类相关作品
  • 丛书相关作品
  • 出版社相关作品

书目信息

  • 表格格式
  • 工作单格式
  • 卡片格式
题名:
共产国际专题系列讲座
    
 
作者: 宋洪训 , 孟全生 主编
分册:  
出版信息: 北京   北京师范大学出版社  1989.04
页数: 440页
开本: 21cm
丛书名:
单 册:
中图分类: D16
科图分类:
主题词: 国际共产主义运动--1919.3-1943.6 , 共产国际
电子资源:
ISBN: 7-303-00443-2
000 00665nam0 2200217 45
001 0404271529
005 20041206153915.5
010    @a7-303-00443-2@dCNY2.60
100    @a20040427d1989 km y0chiy0120 ea
101 0  @achi
105    @a z 000yy
200 1  @a共产国际专题系列讲座@AGong Chan Guo Ji Zhuan Ti Xi Lie Jiang Zuo@f宋洪训,孟全生主编@FSong Hong Xun,Meng Quan Sheng Zhu Bian
210    @a北京@c北京师范大学出版社@d1989.04
215    @a440页@d21cm
606 0  @a国际共产主义运动@z1919.3-1943.6
606 0  @a共产国际
690    @aD16@v3
701  0 @a宋洪训@4主编
701  0 @a孟全生@4主编
801    @aCN@bPftUser@c20040427
905    @dD16@e14@f1@b257533
    
    共产国际专题系列讲座/宋洪训,孟全生主编.-北京:北京师范大学出版社,1989.04
    440页;21cm
    
    
    ISBN 7-303-00443-2:CNY2.60
    
●
相关链接 在E读中查询图书 在五车中查询图书 在当当中查询图书 在豆瓣中查询图书


正题名:共产国际专题系列讲座     索取号:D16/14         预约/预借

序号 登录号 条形码 馆藏地/架位号 状态 备注
1 0257532   001011112   第一样本阅览室/ [索取号:D16/14] 在馆    
2 0257533   001011078   密集书库/ [索取号:D16/14] 在馆    
3 0257534   001011087   密集书库/ [索取号:D16/14] 在馆    
4 0257535   001011096   密集书库/ [索取号:D16/14] 在馆    
5 0257536   001011103   第一借阅区/ [索取号:D16/14] 在馆    
唐山师范学院图书馆 欢迎您!
大连网信软件有限公司© 版权所有